• 首页
  • 本馆介绍
  • 公告通知
  • 最新文献
  • 馆藏检索
  • 电子资源
  • 读者导购
  • 参考咨询
  • 我的图书馆
  • 登录
  • 详细信息显示
  • 放入我的书架
  • 预约/预借图书
  • 作者相关作品
  • 分类相关作品
  • 丛书相关作品
  • 出版社相关作品

书目信息

  • 表格格式
  • 工作单格式
  • 卡片格式
题名:
采购物流实务
    
 
作者: 孙明贵
分册:  
出版信息: 北京   机械工业出版社  2004
页数: 340
开本: 23cm
丛书名:
单 册:
中图分类: F253.2
科图分类:
主题词: 物资经济
电子资源:
ISBN: 7-111-13759-0
000 00495nam0 2200181 450
001 0760515518
005 20070817164835.51
010    @a7-111-13759-0@d¥29.00
100    @a20070817d km y0chiy0120 ea
101 0  @achi
200 1  @a采购物流实务@Acai gou wu liu shi wu@f孙明贵@Fsun ming gui
210    @a北京@c机械工业出版社@d2004
215    @a340@d23cm
606 0  @a物资经济
690    @aF253.2@v3
701  0 @a孙明贵@Asun ming gui
801  0 @aCN@bPFT@c20070817
905    @a213230@dF253.2@eg39@f1
    
    采购物流实务/孙明贵.-北京:机械工业出版社,2004
    340;23cm
    
    
    ISBN 7-111-13759-0:¥29.00
    
●
相关链接 在E读中查询图书 在五车中查询图书 在当当中查询图书 在豆瓣中查询图书


正题名:采购物流实务     索取号:F253.2/g39         预约/预借

序号 登录号 条形码 馆藏地/架位号 状态 备注
1 6501915   265019151   密集书库-海洋学院/ [索取号:F253.2/g39] 在馆    
唐山师范学院图书馆 欢迎您!
大连网信软件有限公司© 版权所有